logo

Bir Sreshtho Munshi Abdur Rouf Library
Jhenaidah Cadet College

The plays of T. S. Eliot / (Record no. 9081)

MARC details
000 -LEADER
fixed length control field 00824cam a22002651 4500
001 - CONTROL NUMBER
JCCL Control Number 9081
003 - CONTROL NUMBER IDENTIFIER
JCCL marc code BD-JhCC
005 - DATE AND TIME OF LATEST TRANSACTION
control field 20180315094012.0
008 - FIXED-LENGTH DATA ELEMENTS--GENERAL INFORMATION
fixed length control field 720509s1965 xx 000 0 eng
035 ## - SYSTEM CONTROL NUMBER
system control number (BD-JhCC)9081
040 ## - CATALOGING SOURCE
Original cataloging agency DLC
Transcribing agency OU
Modifying agency OCoLC
-- CaSRU
-- DLC
-- BD-JhCC
041 ## - LANGUAGE CODE
Language code of Book eng
050 00 - LIBRARY OF CONGRESS CALL NUMBER
Classification number PS3509.L43
Item number Z685 1965
082 ## - DEWEY DECIMAL CLASSIFICATION NUMBER
Author mark and Year JON 1965
Classification number 812.52
100 1# - MAIN ENTRY--PERSONAL NAME
Personal name Jones, David Edwards,
Dates associated with a name 1924-
245 14 - TITLE STATEMENT
Title The plays of T. S. Eliot /
Remainder of title by David E. Jones.
260 ## - PUBLICATION, DISTRIBUTION, ETC. (IMPRINT)
Place of publication, distribution, etc Toronto,
Name of publisher, distributor, etc University of Toronto Press
Date of publication, distribution, etc [1965, c1960]
300 ## - PHYSICAL DESCRIPTION
Pagination xiv, 242 p.
Dimensions 22 cm.
500 ## - GENERAL NOTE
General note "First published as a paperback, 1965."
504 ## - BIBLIOGRAPHY, ETC. NOTE
Bibliography, etc Bibliography: p. 221-238.
600 10 - SUBJECT ADDED ENTRY--PERSONAL NAME
Personal name Eliot, T. S.
Fuller form of name (Thomas Stearns),
Dates associated with a name 1888-1965
General subdivision Dramatic works.
650 ## - SUBJECT ADDED ENTRY--TOPICAL TERM
Topical term or geographic name as entry element Criticism and interpretation
942 ## - ADDED ENTRY ELEMENTS (KOHA)
Source of classification or shelving scheme Dewey Decimal Classification
Koha item type Books
Holdings
Source of classification or shelving scheme Damaged status Not for loan Home library Current library Shelving location Total Checkouts Full call number Barcode Date last seen Copy number Koha item type
Dewey Decimal Classification     JCC Rouf Library JCC Rouf Library General Stacks   812.52 JON 1965 12138 03/08/2018 C - 1 Books

JCC Library | Contacts | JCC Home

Last Update on 23 September 2017
Copyright @ 2017-2020 JCC Rouf Library
Rouf Library, Jhenidah Cadet College (JCC), Bangladesh